| 000 | 00000nam 2200000zi 4500 |
| 001 | 9.933203 |
| 003 | CaOODSP |
| 005 | 20250821075125 |
| 006 | m o d f |
| 007 | cr mn||||||||| |
| 008 | 240131t20242024oncad ob f000 0 eng d |
| 040 | |aCaOODSP|beng|erda|cCaOODSP |
| 043 | |an-cn--- |
| 086 | 1 |aFB3-7/2024-2E-PDF |
| 100 | 1 |aSkavysh, Vladimir, |eauthor. |
| 245 | 10|aMarket structure of cryptoasset exchanges : |bintroduction, challenges and emerging trends / |cby Vladimir Skavysh, Jacob Sharples, Sofia Priazhkina and Salman H. Hasham. |
| 264 | 1|a[Ottawa] : |bBank of Canada = Banque du Canada, |c2024. |
| 264 | 4|c©2024 |
| 300 | |a1 online resource (i, 28 pages) : |billustrations, charts. |
| 336 | |atext|btxt|2rdacontent |
| 337 | |acomputer|bc|2rdamedia |
| 338 | |aonline resource|bcr|2rdacarrier |
| 490 | 1 |aStaff analytical note = Note analytique du personnel, |x2369-9639 ; |v2024-2 |
| 500 | |a"Last updated: January 30, 2024." |
| 504 | |aIncludes bibliographical references (pages 24-28). |
| 650 | 0|aCryptocurrencies. |
| 650 | 6|aCryptomonnaie. |
| 710 | 2 |aBank of Canada, |eissuing body. |
| 830 | #0|aStaff analytical note (Bank of Canada)|v2024-2.|w(CaOODSP)9.807323 |
| 856 | 40|qPDF|s687 KB|uhttps://publications.gc.ca/collections/collection_2024/banque-bank-canada/FB3-7-2024-2-eng.pdf |